Investigación-acción y curriculum : (Record no. 120195)

MARC details
000 -LEADER
fixed length control field 00888cam a2200253 4500
008 - FIXED-LENGTH DATA ELEMENTS--GENERAL INFORMATION
fixed length control field 050310r2001 sp a b 000 0 spa u
020 ## - INTERNATIONAL STANDARD BOOK NUMBER
International Standard Book Number 8471124386
050 00 - LIBRARY OF CONGRESS CALL NUMBER
Classification number LB1028.24
Item number M35 2001
100 1# - MAIN ENTRY--PERSONAL NAME
Personal name McKernan, James.
245 10 - TITLE STATEMENT
Title Investigación-acción y curriculum :
Remainder of title métodos y recursos para profesionales reflexivos /
Statement of responsibility, etc James McKernan ; tr. Tomás del Amo.
250 ## - EDITION STATEMENT
Edition statement 2a. ed.
260 ## - PUBLICATION, DISTRIBUTION, ETC. (IMPRINT)
Place of publication, distribution, etc Madrid, España :
Name of publisher, distributor, etc Ediciones Morata,
Date of publication, distribution, etc 2001
300 ## - PHYSICAL DESCRIPTION
Extent 311 p. :
Other physical details ils. ;
Dimensions 24 cm.
440 #0 - SERIES STATEMENT/ADDED ENTRY--TITLE
Title Pedagogía.
Name of part/section of a work Manuales
500 ## - GENERAL NOTE
General note Traducción de: Curriculum action research.
504 ## - BIBLIOGRAPHY, ETC. NOTE
Bibliography, etc Bibliografía: p. [283]-299.
504 ## - BIBLIOGRAPHY, ETC. NOTE
Bibliography, etc Incluye bibliografías e índices
506 ## - RESTRICTIONS ON ACCESS NOTE
Terms governing access Rec. prop. esc.
650 10 - SUBJECT ADDED ENTRY--TOPICAL TERM
Topical term or geographic name as entry element Investigación acción
650 20 - SUBJECT ADDED ENTRY--TOPICAL TERM
Topical term or geographic name as entry element Planificación curricular
-- nvestigación
700 ## - ADDED ENTRY--PERSONAL NAME
Personal name Amo, Tomás del, tr.
942 ## - ADDED ENTRY ELEMENTS (KOHA)
Source of classification or shelving scheme Biblioteca del Cogreso de los Estados Unidos
Koha item type Libro
Holdings
Estado de pérdida Fuente de clasificación Estado del daño No para préstamo Ubicación permanente Ubicación actual Apartado o colección Fecha de adquisición Edición Dependencia de educación superior (DES) Área del conocimiento Clasificación Código de Barras Date last seen Número de copia Tipo de recurso
  Biblioteca del Cogreso de los Estados Unidos     Biblioteca de la Facultad de Filosofía Biblioteca de la Facultad de Filosofía General 22/08/2016 2a. ed. Humanidades Educación y Humanidades LB1028.24 M35 2001 BFF000019330 22/08/2016 C:1 Libro